000 00420 a2200133 4500
001 ART_5599
005 20260410161828.0
008 260409a
245 1 0 _aMitos y realidades de la conservación del suelo en la Argentina
100 1 _aPenna, Julio A.
700 1 _aOliverio, Gustavo
700 1 _aPeri, Graciela
773 0 _tEstudios Económicos
_g- Vol. 7, Nº 13/14 (ene./dic. 1989)
_wREV5080
999 _c22922
_d22922